书目信息 |
| 题名: |
高分子科学教程
|
|
| 作者: | 韩哲文 主编 ;张德震 编著 | |
| 分册: | ||
| 出版信息: | 上海 华东理工大学出版社 2011.02 |
|
| 页数: | 389页 | |
| 开本: | 26cm | |
| 丛书名: | ||
| 单 册: | ||
| 中图分类: | O63 | |
| 科图分类: | ||
| 主题词: | 高聚物--gao ju wu--高等教育--教材 | |
| 电子资源: | ||
| ISBN: | 978-7-5628-2941-6 | |
| 000 | 01103nam0 2200289 450 | |
| 001 | 0109110237 | |
| 005 | 20201109150253.44 | |
| 010 | @a978-7-5628-2941-6@dCNY39.50 | |
| 100 | @a20110407e20202011em y0chiy50 ea | |
| 101 | 0 | @achi |
| 102 | @aCN@b310000 | |
| 105 | @ay z 000yy | |
| 106 | @ar | |
| 200 | 1 | @a高分子科学教程@Agao fen zi ke xue jiao cheng@dTextbook of polymer science@f韩哲文主编@g张德震[等]编著@zeng |
| 205 | @a2版 | |
| 210 | @a上海@c华东理工大学出版社@d2011.02@h2020.01 | |
| 215 | @a389页@d26cm | |
| 300 | @a普通高等教育“十一五”国家级规划教材 | |
| 304 | @a编著者还有:庄启昕、徐世爱、李欣欣、钱军 | |
| 330 | @a本书共分为13章,内容包括:逐步聚合、自由基聚合、离子和开环及“受控”聚合、共聚合及聚合物的化学反应、聚合物的链结构、非晶态、结晶态聚合物、高分子溶液性质、聚合物的力学性能、电性能和热性能等。 | |
| 510 | 1 | @aTextbook of polymer science@zeng |
| 606 | 0 | @a高聚物@Agao ju wu@x高等教育@j教材 |
| 690 | @aO63@v5 | |
| 701 | 0 | @a韩哲文@Ahan zhe wen@4主编 |
| 702 | 0 | @a张德震@Azhang de zhen@4编著 |
| 801 | 0 | @aCN@bBJSZM@c20201103 |
| 905 | @b1241643-6@dO63@e105=2@f4 | |
| 高分子科学教程=Textbook of polymer science/韩哲文主编/张德震[等]编著.-2版.-上海:华东理工大学出版社,2011.02(2020.01) |
| 389页;26cm |
| 普通高等教育“十一五”国家级规划教材 |
| ISBN 978-7-5628-2941-6:CNY39.50 |
| 本书共分为13章,内容包括:逐步聚合、自由基聚合、离子和开环及“受控”聚合、共聚合及聚合物的化学反应、聚合物的链结构、非晶态、结晶态聚合物、高分子溶液性质、聚合物的力学性能、电性能和热性能等。 |
| ● |
| 相关链接 |
|
|
|
|
正题名:高分子科学教程
索取号:O63/105=2
 
预约/预借
| 序号 | 登录号 | 条形码 | 馆藏地/架位号 | 状态 | 备注 |
| 1 | 1241643 | 212416438 | 第二样本阅览室/ [索取号:O63/105=2] | 在馆 | |
| 2 | 1241644 | 212416447 | 第三借阅区/ [索取号:O63/105=2] | 在馆 | |
| 3 | 1241645 | 212416456 | 第三借阅区/ [索取号:O63/105=2] | 在馆 | |
| 4 | 1241646 | 212416465 | 第三借阅区/ [索取号:O63/105=2] | 在馆 |